| 000 | 00477nam a2200193Ia 4500 | ||
|---|---|---|---|
| 003 | 0100 | ||
| 008 | 130303s9999 xx 000 0 und d | ||
| 040 | _cARRUPELIB | ||
| 050 | _aHQ76.C331966 | ||
| 100 | _aCavanagh, John R | ||
| 245 | _aCounseling the invert | ||
| 260 | _aMilwaukee | ||
| 260 | _bThe Bruce Publishing Co. | ||
| 260 | _C1966 | ||
| 300 | _a306p | ||
| 650 | _bPhilosophy, English--Collections | ||
| 650 | _cPhilosophy, American--Collections | ||
| 942 | 0 | 0 | _01 |
| 999 |
_c38070 _d38070 |
||